[Event "Montcalm I 2004-05"]
[Site "Quebec CAN"]
[Date "2004.09.09"]
[Round "1"]
[White "Bender, Karl"]
[Black "Plante, Rejean"]
[Result "0-1"]
[WhiteElo "1592"]
[BlackElo "2084"]
[PlyCount "58"]
[GameId "2160767911069339"]
[EventDate "2004.09.09"]
[EventType "swiss"]
[EventRounds "5"]
[EventCountry "CAN"]
[SourceTitle "EXT 2006"]
[Source "ChessBase"]
[SourceDate "2005.11.24"]
[SourceVersion "1"]
[SourceVersionDate "2005.11.24"]
[SourceQuality "1"]

1. d4 d6 2. e4 g6 3. Nf3 Bg7 4. Be2 c5 5. c3 Nd7 6. O-O e6 7. Be3 Ne7 8. Bb5 cxd4 9. cxd4 d5 10. e5 Qb6 11. Nc3 a6 12. Qa4 Rb8 13. Bxd7+ Bxd7 14. Qc2 O-O 15. Qd2 Rfc8 16. b3 Qb4 17. Rfc1 h5 18. Ne4 Qxd2 19. Nexd2 Nf5 20. Bf4 Bf8 21. a4 Bb4 22. Be3 b5 23. Rxc8+ Rxc8 24. axb5 Bxb5 25. Nf1 Rc3 26. N1d2 Nxe3 27. fxe3 Rxe3 28. Rc1 Rd3 29. Rc2 Bxd2 0-1

[Event "Montcalm I 2004-05"]
[Site "Quebec CAN"]
[Date "2004.09.09"]
[Round "1"]
[White "Berube, Antoine"]
[Black "Theriault, Francis"]
[Result "1-0"]
[WhiteElo "2087"]
[BlackElo "1636"]
[PlyCount "43"]
[GameId "2160767911069340"]
[EventDate "2004.09.09"]
[EventType "swiss"]
[EventRounds "5"]
[EventCountry "CAN"]
[SourceTitle "EXT 2006"]
[Source "ChessBase"]
[SourceDate "2005.11.24"]
[SourceVersion "1"]
[SourceVersionDate "2005.11.24"]
[SourceQuality "1"]

1. d4 d5 2. c4 e6 3. Nc3 Nf6 4. cxd5 exd5 5. Bg5 Be7 6. e3 c6 7. Bd3 Nbd7 8. Qc2 O-O 9. Nge2 Re8 10. O-O Nf8 11. f3 g6 12. Rad1 Ne6 13. Bh4 Ng7 14. Bf2 Bd6 15. e4 dxe4 16. fxe4 Ng4 17. h3 Nxf2 18. Rxf2 Qg5 19. Bc4 Rf8 20. Rdf1 Bxh3 21. e5 Bc7 22. Ne4 1-0

[Event "Montcalm I 2004-05"]
[Site "Quebec CAN"]
[Date "2004.09.09"]
[Round "1"]
[White "Bourassa, Andre"]
[Black "Tremblay, Charles"]
[Result "1-0"]
[WhiteElo "1662"]
[BlackElo "1109"]
[PlyCount "105"]
[GameId "2160767911069341"]
[EventDate "2004.09.09"]
[EventType "swiss"]
[EventRounds "5"]
[EventCountry "CAN"]

1. d4 b6 2. c4 d6 3. Nc3 Bb7 4. e4 e6 5. Nf3 Nd7 6. Bd3 g6 7. O-O Bg7 8. Re1 Ne7 9. Bf4 e5 10. Be3 c5 11. d5 O-O 12. Qd2 Kh8 13. Bh6 Ng8 14. Bxg7+ Kxg7 15. Rf1 a6 16. h3 Ngf6 17. Ne2 h6 18. Nh2 h5 19. b3 Rh8 20. f4 Qe7 21. f5 Rh6 22. Rf3 Rg8 23. Qg5 Kh7 24. Ng3 Bc8 25. Raf1 h4 26. Ng4 Qf8 27. Nxf6+ Nxf6 28. Qe3 g5 29. Nh1 g4 30. hxg4 Nxg4 31. Qd2 f6 32. Rh3 Rg5 33. Qe1 Rgh5 34. Nf2 Qg7 35. Nxg4 Qxg4 36. Be2 Qxe4 37. Bxh5 Qd4+ 38. Qf2 Rxh5 39. Qxd4 cxd4 40. g4 Rh6 41. Kf2 Bd7 42. Rfh1 e4 43. Rxh4 e3+ 44. Ke2 Rxh4 45. Rxh4+ Kg7 46. Kd3 b5 47. Rh2 a5 48. Kxd4 b4 49. Kxe3 a4 50. Kd4 a3 51. c5 dxc5+ 52. Kxc5 Kf7 53. Rh7+ 1-0

[Event "Montcalm I 2004-05"]
[Site "Quebec CAN"]
[Date "2004.09.09"]
[Round "1"]
[White "Sirois, Eric"]
[Black "Lessard, Claude"]
[Result "0-1"]
[WhiteElo "1639"]
[BlackElo "2101"]
[PlyCount "72"]
[GameId "2160767911069342"]
[EventDate "2004.09.09"]
[EventType "swiss"]
[EventRounds "5"]
[EventCountry "CAN"]
[SourceTitle "EXT 2006"]
[Source "ChessBase"]
[SourceDate "2005.11.24"]
[SourceVersion "1"]
[SourceVersionDate "2005.11.24"]
[SourceQuality "1"]

1. e4 d6 2. d4 Nf6 3. Nc3 g6 4. f4 Bg7 5. Nf3 O-O 6. Bd3 Bg4 7. Be3 Nc6 8. O-O e5 9. fxe5 dxe5 10. d5 Nd4 11. h3 Bxf3 12. gxf3 Qd7 13. Kh2 Nh5 14. Ne2 f5 15. c3 Nxe2 16. Bxe2 f4 17. Bf2 Qe7 18. Rg1 Bh6 19. Rg2 Ng3 20. Bc4 Kh8 21. Qg1 Qh4 22. Rd1 Rf6 23. Qe1 Qh5 24. Be2 Nxe4 25. fxe4 f3 26. Rg4 fxe2 27. Qxe2 Raf8 28. Bg3 Bf4 29. Qe1 Bxg3+ 30. Rxg3 Rf2+ 31. Rg2 R2f3 32. h4 R3f4 33. Kh3 Rf3+ 34. Rg3 R8f4 35. Rxf3 Qxf3+ 36. Kh2 Rxe4 0-1

[Event "Montcalm I 2004-05"]
[Site "Quebec CAN"]
[Date "2004.09.16"]
[Round "2"]
[White "Caron, Sebastien"]
[Black "Audet-Bouchard, Nicolas"]
[Result "1/2-1/2"]
[WhiteElo "1833"]
[BlackElo "2177"]
[PlyCount "77"]
[GameId "2160767911069343"]
[EventDate "2004.09.09"]
[EventType "swiss"]
[EventRounds "5"]
[EventCountry "CAN"]
[SourceTitle "EXT 2006"]
[Source "ChessBase"]
[SourceDate "2005.11.24"]
[SourceVersion "1"]
[SourceVersionDate "2005.11.24"]
[SourceQuality "1"]

1. e4 c5 2. d3 Nc6 3. f4 g6 4. Nf3 Bg7 5. c3 d5 6. e5 Bg4 7. Be2 e6 8. O-O h5 9. Na3 Nh6 10. Nb5 Nf5 11. h3 Bxf3 12. Bxf3 a6 13. Na3 h4 14. Nc2 Rc8 15. Ne3 Nce7 16. Qa4+ Qd7 17. Qxd7+ Kxd7 18. Nxf5 exf5 19. Be3 Ke6 20. Rac1 b5 21. d4 c4 22. Be2 a5 23. a3 Rb8 24. Bd2 Nc6 25. Ra1 Bf8 26. Bf3 Be7 27. Rfb1 Rb6 28. Bd1 Rhb8 29. Bc2 b4 30. axb4 axb4 31. Be1 bxc3 32. bxc3 Rb2 33. Rxb2 Rxb2 34. Ra6 Rxc2 35. Rxc6+ Kd7 36. Ra6 Rb2 37. Ra7+ Ke6 38. Ra6+ Kd7 39. Ra7+ 1/2-1/2

[Event "Montcalm I 2004-05"]
[Site "Quebec CAN"]
[Date "2004.09.16"]
[Round "2"]
[White "Lapierre, Gaetan"]
[Black "Berube, Antoine"]
[Result "0-1"]
[WhiteElo "1763"]
[BlackElo "2087"]
[PlyCount "110"]
[GameId "2160767911069344"]
[EventDate "2004.09.09"]
[EventType "swiss"]
[EventRounds "5"]
[EventCountry "CAN"]
[SourceTitle "EXT 2006"]
[Source "ChessBase"]
[SourceDate "2005.11.24"]
[SourceVersion "1"]
[SourceVersionDate "2005.11.24"]
[SourceQuality "1"]

1. Nf3 Nf6 2. d4 g6 3. Nbd2 d6 4. e4 Bg7 5. b3 c5 6. dxc5 dxc5 7. Bb2 O-O 8. Be2 Nc6 9. O-O Qc7 10. Re1 Rd8 11. Bb5 Bg4 12. Bxc6 Bxf3 13. gxf3 Qxc6 14. Qe2 Nh5 15. Bxg7 Kxg7 16. Qe3 Qf6 17. Rad1 b6 18. e5 Qf5 19. Qe4 Qxe4 20. Nxe4 Nf4 21. Nc3 Rac8 22. Kf1 g5 23. Nb5 a6 24. Nc3 Rd4 25. Na4 b5 26. Nc3 Rcd8 27. Rxd4 Rxd4 28. Rd1 Rxd1+ 29. Nxd1 Ng6 30. e6 fxe6 31. a4 Ne5 32. axb5 axb5 33. Nc3 Nxf3 34. Nxb5 Kf6 35. h3 Ke5 36. Nc3 Nd4 37. Na4 Kd6 38. c3 Nxb3 39. Ke2 Kc6 40. Kf3 h5 41. Ke3 Na5 42. Kd3 Nb7 43. Ke4 Kb5 44. Nb2 Nd6+ 45. Kd3 e5 46. f3 c4+ 47. Ke3 Kc6 48. Nd1 Kd5 49. Nf2 Ke6 50. Nd1 Kf5 51. Nf2 e6 52. Nh1 Kf6 53. Nf2 Kg6 54. Nd1 Kf5 55. Nf2 Kg6 0-1

[Event "Montcalm I 2004-05"]
[Site "Quebec CAN"]
[Date "2004.09.16"]
[Round "2"]
[White "Plante, Rejean"]
[Black "Bisson, Real"]
[Result "1/2-1/2"]
[WhiteElo "2084"]
[BlackElo "1775"]
[PlyCount "82"]
[GameId "2160767911069345"]
[EventDate "2004.09.09"]
[EventType "swiss"]
[EventRounds "5"]
[EventCountry "CAN"]
[SourceTitle "EXT 2006"]
[Source "ChessBase"]
[SourceDate "2005.11.24"]
[SourceVersion "1"]
[SourceVersionDate "2005.11.24"]
[SourceQuality "1"]

1. d4 c5 2. d5 d6 3. c4 g6 4. e4 Bg7 5. Bd3 Nf6 6. Nc3 Na6 7. Nge2 Bd7 8. O-O O-O 9. Bg5 h6 10. Bd2 Nc7 11. f4 e6 12. Rc1 exd5 13. exd5 b5 14. b3 b4 15. Nb1 Re8 16. f5 Ne4 17. fxg6 fxg6 18. Bxe4 Rxe4 19. Ng3 Bd4+ 20. Kh1 Rh4 21. Rf4 Be5 22. Rxh4 Qxh4 23. Qe1 Rf8 24. Be3 Bg4 25. Nd2 Ne8 26. Kg1 Nf6 27. Ndf1 Bc3 28. Bd2 Bd4+ 29. Kh1 Re8 30. Be3 Be5 31. Qf2 Bd7 32. Qc2 Kf7 33. Bg1 Bf4 34. Rd1 Ng4 35. Qd3 Ne5 36. Qc2 Bg4 37. Ra1 Nf3 38. Qf2 Qf6 39. Rb1 Nxg1 40. Kxg1 h5 41. Re1 Rxe1 1/2-1/2

[Event "Montcalm I 2004-05"]
[Site "Quebec CAN"]
[Date "2004.09.16"]
[Round "2"]
[White "Poliquin, Yvon"]
[Black "Bourassa, Andre"]
[Result "1-0"]
[WhiteElo "1859"]
[BlackElo "1662"]
[PlyCount "77"]
[GameId "2160767911069346"]
[EventDate "2004.09.09"]
[EventType "swiss"]
[EventRounds "5"]
[EventCountry "CAN"]

1. e4 c5 2. Nf3 d6 3. d4 cxd4 4. Nxd4 Nf6 5. Nc3 a6 6. Bc4 e6 7. Bb3 b5 8. O-O b4 9. Na4 d5 10. exd5 Nxd5 11. Re1 Be7 12. c3 bxc3 13. Nxc3 Nxc3 14. bxc3 O-O 15. Qf3 Ra7 16. Be3 Rd7 17. Qh3 Rd6 18. Qf3 e5 19. Nf5 Rf6 20. Nxe7+ Qxe7 21. Bg5 Rxf3 22. Bxe7 Rxc3 23. Bxf8 Kxf8 24. Rac1 Rxc1 25. Rxc1 Bd7 26. Rc7 Ke7 27. Ra7 f6 28. Ba4 Ke6 29. Bxd7+ Nxd7 30. Rxa6+ Ke7 31. Ra7 h5 32. Kf1 g6 33. Ke2 Ke6 34. a4 Nc5 35. a5 Kd6 36. a6 Kc6 37. Rf7 Nxa6 38. Rxf6+ Kb5 39. Rxa6 1-0

[Event "Montcalm I 2004-05"]
[Site "Quebec CAN"]
[Date "2004.09.16"]
[Round "3"]
[White "Berube, Antoine"]
[Black "Poliquin, Yvone"]
[Result "1/2-1/2"]
[WhiteElo "2087"]
[BlackElo "1871"]
[PlyCount "85"]
[GameId "2160767911069347"]
[EventDate "2004.09.09"]
[EventType "swiss"]
[EventRounds "5"]
[EventCountry "CAN"]
[SourceTitle "EXT 2006"]
[Source "ChessBase"]
[SourceDate "2005.11.24"]
[SourceVersion "1"]
[SourceVersionDate "2005.11.24"]
[SourceQuality "1"]

1. d4 Nf6 2. c4 d6 3. Nc3 Bf5 4. e4 Bxe4 5. Nxe4 Nxe4 6. Qf3 d5 7. Bd3 Nf6 8. Bg5 e6 9. O-O-O c6 10. Ne2 Be7 11. g4 Nbd7 12. Bf4 dxc4 13. Bxc4 Nd5 14. Be5 Nxe5 15. dxe5 Qc7 16. Qe4 O-O-O 17. Kb1 Nb6 18. Rc1 Nxc4 19. Rxc4 Rd5 20. f4 g6 21. Rhc1 Kb8 22. Nd4 Rc8 23. Qc2 Qd7 24. Nf3 Rd3 25. Qf2 Rd8 26. Ra4 a6 27. Rac4 Rd1 28. a3 Qd3+ 29. Ka2 Rxc1 30. Rxc1 Qd5+ 31. Ka1 c5 32. h4 c4 33. Ng5 Bxg5 34. hxg5 Qd2 35. Qxd2 Rxd2 36. Rxc4 Rg2 37. Ka2 Rxg4 38. Kb3 Rh4 39. Rd4 Rh3+ 40. Kc2 Kc7 41. Rc4+ Kd7 42. Rd4+ Kc6 43. Rc4+ 1/2-1/2

[Event "Montcalm I 2004-05"]
[Site "Quebec CAN"]
[Date "2004.09.23"]
[Round "3"]
[White "Audet-Bouchard, Nicolas"]
[Black "Ouellet, Michel"]
[Result "1/2-1/2"]
[WhiteElo "2177"]
[BlackElo "1826"]
[PlyCount "86"]
[GameId "2160767911069348"]
[EventDate "2004.09.09"]
[EventType "swiss"]
[EventRounds "5"]
[EventCountry "CAN"]
[SourceTitle "EXT 2006"]
[Source "ChessBase"]
[SourceDate "2005.11.24"]
[SourceVersion "1"]
[SourceVersionDate "2005.11.24"]
[SourceQuality "1"]

1. e4 d6 2. d4 Nf6 3. Nc3 g6 4. Be3 c6 5. Qd2 b5 6. Bd3 Nbd7 7. Nf3 Nb6 8. a4 b4 9. a5 bxc3 10. Qxc3 Bd7 11. axb6 axb6 12. O-O Bg7 13. Ra3 O-O 14. Rfa1 Rxa3 15. Qxa3 c5 16. h3 Qc7 17. Qa7 Rc8 18. c3 h6 19. Qxc7 Rxc7 20. Ra6 c4 21. Bc2 Rb7 22. Ra8+ Kh7 23. Bf4 b5 24. e5 dxe5 25. Nxe5 Be6 26. Nc6 Nd5 27. Nd8 Rb6 28. Rb8 Rxb8 29. Bxb8 b4 30. Nxe6 fxe6 31. cxb4 Nxb4 32. Ba4 Nd3 33. Ba7 Nxb2 34. Bc2 c3 35. Kf1 Bf6 36. Ke2 Kg7 37. Bc5 Kf7 38. Bb3 Bg5 39. Ba3 Kf6 40. Bc2 Nc4 41. Bb4 Bd2 42. Kd3 Nb6 43. Bxc3 Bxc3 1/2-1/2

[Event "Montcalm I 2004-05"]
[Site "Quebec CAN"]
[Date "2004.09.23"]
[Round "3"]
[White "Auger, Bertrand"]
[Black "Valley, Michel"]
[Result "1-0"]
[WhiteElo "2177"]
[BlackElo "1826"]
[PlyCount "91"]
[GameId "2160767911069349"]
[EventDate "2004.09.09"]
[EventType "swiss"]
[EventRounds "5"]
[EventCountry "CAN"]
[SourceTitle "EXT 2006"]
[Source "ChessBase"]
[SourceDate "2005.11.24"]
[SourceVersion "1"]
[SourceVersionDate "2005.11.24"]
[SourceQuality "1"]

1. Nf3 c5 2. c4 Nc6 3. Nc3 g6 4. g3 Bg7 5. Bg2 e5 6. O-O f5 7. d3 Nf6 8. Qc2 O-O 9. a3 d6 10. Rb1 Nd4 11. Nxd4 cxd4 12. Nd5 Nxd5 13. Bxd5+ Kh8 14. b4 f4 15. gxf4 Qh4 16. f3 Bh3 17. Bd2 Bxf1 18. Rxf1 Qe7 19. fxe5 dxe5 20. Qc1 Qd7 21. Rf2 Rac8 22. Be4 Rc7 23. Rg2 Rfc8 24. Rg4 b5 25. c5 a5 26. Qe1 axb4 27. axb4 Qf7 28. h4 Ra7 29. Bg5 Qa2 30. h5 Qb2 31. Bc1 Qc2 32. Kh2 Ra1 33. Rg1 g5 34. Qd2 Qxd2 35. Bxd2 Rxg1 36. Kxg1 Bf6 37. Kg2 Kg7 38. Kg3 Be7 39. Kg4 h6 40. Kf5 Bxc5 41. bxc5 Rxc5 42. Bb4 Rc2 43. Bd6 Rxe2 44. Bxe5+ Kf7 45. Bxd4 b4 46. Bd5+ 1-0

[Event "Montcalm I 2004-05"]
[Site "Quebec CAN"]
[Date "2004.09.23"]
[Round "3"]
[White "Caron, Sebastien"]
[Black "Lessard, Claude"]
[Result "0-1"]
[WhiteElo "1833"]
[BlackElo "2101"]
[PlyCount "80"]
[GameId "2160767911069350"]
[EventDate "2004.09.09"]
[EventType "swiss"]
[EventRounds "5"]
[EventCountry "CAN"]
[SourceTitle "EXT 2006"]
[Source "ChessBase"]
[SourceDate "2005.11.24"]
[SourceVersion "1"]
[SourceVersionDate "2005.11.24"]
[SourceQuality "1"]

1. e4 c5 2. Nf3 d6 3. d4 cxd4 4. Nxd4 Nf6 5. Nc3 g6 6. Be2 Bg7 7. Be3 O-O 8. Qd2 Nc6 9. Nxc6 bxc6 10. Bh6 Rb8 11. Bxg7 Kxg7 12. b3 Rb4 13. f3 e5 14. Na4 Rb8 15. c4 Qe7 16. g4 Bxg4 17. fxg4 Nxe4 18. Qe3 Qh4+ 19. Kd1 Nf2+ 20. Kc2 Nxh1 21. Rxh1 Qe7 22. h4 d5 23. h5 Kg8 24. hxg6 fxg6 25. Nc5 d4 26. Qh6 e4 27. Bf1 Rxf1 28. Rxf1 Qxc5 29. g5 d3+ 30. Kd1 e3 31. Rf6 e2+ 32. Kd2 Qe3+ 33. Kxe3 e1=Q+ 34. Kf3 Qe2+ 35. Kg3 Qe3+ 36. Kh2 Qe5+ 37. Kh3 d2 38. Rxg6+ hxg6 39. Qxg6+ Kf8 40. Qd3 Re8 0-1

[Event "Montcalm I 2004-05"]
[Site "Quebec CAN"]
[Date "2004.09.23"]
[Round "3"]
[White "Filion, Rene"]
[Black "Guay, Etienne"]
[Result "1-0"]
[WhiteElo "1444"]
[BlackElo "1348"]
[PlyCount "65"]
[GameId "2160767911069351"]
[EventDate "2004.09.09"]
[EventType "swiss"]
[EventRounds "5"]
[EventCountry "CAN"]
[SourceTitle "EXT 2006"]
[Source "ChessBase"]
[SourceDate "2005.11.24"]
[SourceVersion "1"]
[SourceVersionDate "2005.11.24"]
[SourceQuality "1"]

1. e4 e5 2. Nf3 Nc6 3. Bb5 a6 4. Ba4 Nf6 5. Qe2 Bc5 6. c3 b5 7. Bc2 O-O 8. Nxe5 Bxf2+ 9. Qxf2 Nxe5 10. O-O Bb7 11. Qf5 d6 12. d4 Ned7 13. e5 g6 14. Qf2 dxe5 15. dxe5 Ng4 16. Qg3 Ngxe5 17. Bf4 Re8 18. Nd2 c5 19. Rad1 Qb6 20. Kh1 h5 21. Ne4 Bxe4 22. Bxe4 Ra7 23. b3 Nf6 24. Bb1 Rae7 25. Bg5 Re6 26. Bf4 c4 27. Bf5 Qc6 28. Bc2 cxb3 29. Bxb3 Nc4 30. Rde1 Qd7 31. Qxg6+ Kf8 32. Qh6+ Kg8 33. Qh8+ 1-0

[Event "Montcalm I 2004-05"]
[Site "Quebec CAN"]
[Date "2004.09.30"]
[Round "4"]
[White "Dion, Jean-Francois"]
[Black "Berube, Antoine"]
[Result "0-1"]
[WhiteElo "1891"]
[BlackElo "2087"]
[PlyCount "54"]
[GameId "2160767911069352"]
[EventDate "2004.09.09"]
[EventType "swiss"]
[EventRounds "5"]
[EventCountry "CAN"]
[SourceTitle "EXT 2006"]
[Source "ChessBase"]
[SourceDate "2005.11.24"]
[SourceVersion "1"]
[SourceVersionDate "2005.11.24"]
[SourceQuality "1"]

1. d4 d5 2. Nf3 Nf6 3. Bf4 c5 4. c3 Qb6 5. Qc2 cxd4 6. cxd4 Nc6 7. e3 Bf5 8. Qd2 Bxb1 9. Rxb1 e6 10. a3 Bxa3 11. Qc2 Bb4+ 12. Kd1 O-O 13. Bd3 Rac8 14. Qa4 Be7 15. Ke2 Nb4 16. Rhc1 Rxc1 17. Rxc1 Nxd3 18. Kxd3 Qxb2 19. Rc7 Ne4 20. Bg3 Bd6 21. Rc2 Qb1 22. Bxd6 Nxd6 23. Qxa7 Ne4 24. Qa4 Qd1+ 25. Nd2 Nxf2+ 26. Kc3 Rc8+ 27. Kb2 Nd3+ 0-1

[Event "Montcalm I 2004-05"]
[Site "Quebec CAN"]
[Date "2004.09.30"]
[Round "4"]
[White "Lessard, Claude"]
[Black "Auger, Bertrand"]
[Result "0-1"]
[WhiteElo "2101"]
[BlackElo "2177"]
[PlyCount "82"]
[GameId "2160767911069353"]
[EventDate "2004.09.09"]
[EventType "swiss"]
[EventRounds "5"]
[EventCountry "CAN"]
[SourceTitle "EXT 2006"]
[Source "ChessBase"]
[SourceDate "2005.11.24"]
[SourceVersion "1"]
[SourceVersionDate "2005.11.24"]
[SourceQuality "1"]

1. d4 e6 2. Nf3 Nf6 3. Bf4 b6 4. e3 Bb7 5. h3 Be7 6. c4 O-O 7. Nbd2 c5 8. Bd3 cxd4 9. exd4 d5 10. O-O dxc4 11. Bxc4 Nc6 12. Nb3 Nd5 13. Bg3 Rc8 14. Rc1 g6 15. Qe2 Bf6 16. Rfd1 Bg7 17. a3 Bh6 18. Rc2 Nce7 19. Ne5 Nf5 20. Bh2 Nf4 21. Bxf4 Bxf4 22. Rc3 Qg5 23. Qg4 Qxg4 24. hxg4 Nd6 25. Bf1 Ne4 26. Rxc8 Rxc8 27. Bd3 Bh6 28. Nd7 Bg7 29. f3 Nf6 30. Ne5 Nd5 31. Be4 f6 32. Nd3 f5 33. gxf5 gxf5 34. Bxd5 Bxd5 35. Nbc1 Bxd4+ 36. Kh2 Be3 37. Ne2 Rc2 38. Ng1 a5 39. Kg3 f4+ 40. Kh2 Kg7 41. Nh3 Bxf3 0-1

[Event "Montcalm I 2004-05"]
[Site "Quebec CAN"]
[Date "2004.09.30"]
[Round "4"]
[White "Ouellet, Michel"]
[Black "Bourassa, Andre"]
[Result "1-0"]
[WhiteElo "1826"]
[BlackElo "1661"]
[PlyCount "99"]
[GameId "2160767911069354"]
[EventDate "2004.09.09"]
[EventType "swiss"]
[EventRounds "5"]
[EventCountry "CAN"]
[SourceTitle "EXT 2006"]
[Source "ChessBase"]
[SourceDate "2005.11.24"]
[SourceVersion "1"]
[SourceVersionDate "2005.11.24"]
[SourceQuality "1"]

1. e4 c5 2. Nc3 Nc6 3. g3 g6 4. Bg2 Bg7 5. d3 d6 6. Be3 Rb8 7. Qd2 b5 8. h3 b4 9. Nd1 a5 10. Ne2 Nf6 11. Bh6 O-O 12. Bxg7 Kxg7 13. g4 Nd4 14. Ng3 h6 15. Ne3 e5 16. O-O Ne6 17. Ne2 Nf4 18. Nxf4 exf4 19. Nc4 g5 20. Rfe1 Re8 21. e5 dxe5 22. Nxe5 Qc7 23. Nc4 Ba6 24. Rxe8 Rxe8 25. Rd1 Rd8 26. b3 Bxc4 27. bxc4 Qe5 28. Qe1 Qxe1+ 29. Rxe1 Re8 30. Kf1 Re6 31. Bb7 Ne8 32. Bd5 Rxe1+ 33. Kxe1 Nc7 34. Kd2 Kf6 35. c3 Nxd5 36. cxd5 bxc3+ 37. Kxc3 Ke5 38. Kc4 Kd6 39. a4 f3 40. d4 cxd4 41. Kxd4 f6 42. Kc4 Kd7 43. Kc5 Kc7 44. d6+ Kd7 45. Kd5 f5 46. gxf5 h5 47. f6 Ke8 48. Ke6 g4 49. d7+ Kd8 50. f7 1-0

[Event "Montcalm I 2004-05"]
[Site "Quebec CAN"]
[Date "2004.09.30"]
[Round "4"]
[White "Poliquin, Yvone"]
[Black "Audet-Bouchard, Nicolas"]
[Result "0-1"]
[WhiteElo "1871"]
[BlackElo "2177"]
[PlyCount "50"]
[GameId "2160767911069355"]
[EventDate "2004.09.09"]
[EventType "swiss"]
[EventRounds "5"]
[EventCountry "CAN"]
[SourceTitle "EXT 2006"]
[Source "ChessBase"]
[SourceDate "2005.11.24"]
[SourceVersion "1"]
[SourceVersionDate "2005.11.24"]
[SourceQuality "1"]

1. e4 c5 2. Nc3 Nc6 3. Bb5 Nd4 4. Bc4 g6 5. Nf3 Bg7 6. O-O e6 7. d3 Ne7 8. Nxd4 cxd4 9. Ne2 O-O 10. Bb3 a5 11. a4 d5 12. f3 b6 13. Bg5 Bb7 14. exd5 Bxd5 15. Bxd5 exd5 16. Re1 Re8 17. Nf4 Ra7 18. Qd2 Qd6 19. Nh3 f6 20. Bf4 Qc6 21. Re2 Rc8 22. g4 g5 23. Bg3 Ng6 24. b3 Bf8 25. Rae1 Bb4 0-1

[Event "Montcalm I 2004-05"]
[Site "Quebec CAN"]
[Date "2004.09.30"]
[Round "4"]
[White "Sauve, Richard"]
[Black "Plante, Hendrick"]
[Result "1-0"]
[WhiteElo "1988"]
[BlackElo "1880"]
[PlyCount "81"]
[GameId "2160767911069356"]
[EventDate "2004.09.09"]
[EventType "swiss"]
[EventRounds "5"]
[EventCountry "CAN"]
[SourceTitle "EXT 2006"]
[Source "ChessBase"]
[SourceDate "2005.11.24"]
[SourceVersion "1"]
[SourceVersionDate "2005.11.24"]
[SourceQuality "1"]

1. d4 Nf6 2. c4 e6 3. Nc3 d5 4. cxd5 exd5 5. Bg5 Be7 6. e3 c6 7. Bd3 O-O 8. Nge2 h6 9. Bh4 Nbd7 10. Qc2 Nb6 11. Bxf6 Bxf6 12. O-O Re8 13. b4 Be6 14. a4 Rc8 15. a5 Nd7 16. Na4 b6 17. axb6 axb6 18. Ra3 b5 19. Nc5 Nb6 20. Rfa1 Nc4 21. Ra7 Rc7 22. R7a6 Bc8 23. Ra8 Qe7 24. Bf5 Nxe3 25. fxe3 Qxe3+ 26. Kf1 Bh4 27. g3 Qf3+ 28. Ke1 Rce7 29. Be4 dxe4 30. gxh4 e3 31. Ng3 e2 32. Nce4 Qg2 33. Qxc6 Qg1+ 34. Kxe2 Qxd4 35. Rxc8 Qb2+ 36. Kf3 Qb3+ 37. Qc3 Qxc3+ 38. Rxc3 f5 39. Nd6 Rf8 40. Rc5 f4 41. Nge4 1-0

[Event "Montcalm I 2004-05"]
[Site "Quebec CAN"]
[Date "2004.10.07"]
[Round "5"]
[White "Audet-Bouchard, Nicolas"]
[Black "Sauve, Richard"]
[Result "1-0"]
[WhiteElo "2177"]
[BlackElo "1988"]
[PlyCount "53"]
[GameId "2160767911069357"]
[EventDate "2004.09.09"]
[EventType "swiss"]
[EventRounds "5"]
[EventCountry "CAN"]
[SourceTitle "EXT 2006"]
[Source "ChessBase"]
[SourceDate "2005.11.24"]
[SourceVersion "1"]
[SourceVersionDate "2005.11.24"]
[SourceQuality "1"]

1. e4 e6 2. d4 d5 3. Nc3 dxe4 4. Nxe4 Nd7 5. Nf3 Ngf6 6. Bg5 h6 7. Nxf6+ Nxf6 8. Be3 Bd6 9. Qd2 Nd5 10. O-O-O O-O 11. c4 Nxe3 12. Qxe3 Qf6 13. Ne5 Rd8 14. Be2 Bd7 15. f4 Bc6 16. Rhg1 Bxe5 17. dxe5 Qh4 18. Bd3 Qxh2 19. g4 Qh4 20. g5 hxg5 21. Rxg5 g6 22. Kb1 Kg7 23. Rdg1 Be8 24. Be2 Qh7 25. Rh5 Qg8 26. f5 Kf8 27. Qc5+ 1-0

[Event "Montcalm I 2004-05"]
[Site "Quebec CAN"]
[Date "2004.10.07"]
[Round "5"]
[White "Auger, Bertrand"]
[Black "Berube, Antoine"]
[Result "0-1"]
[WhiteElo "2177"]
[BlackElo "2087"]
[PlyCount "120"]
[GameId "2160767911069358"]
[EventDate "2004.09.09"]
[EventType "swiss"]
[EventRounds "5"]
[EventCountry "CAN"]
[SourceTitle "EXT 2006"]
[Source "ChessBase"]
[SourceDate "2005.11.24"]
[SourceVersion "1"]
[SourceVersionDate "2005.11.24"]
[SourceQuality "1"]

1. d4 d5 2. g3 Nf6 3. Bg2 c6 4. Nf3 Bf5 5. O-O Nbd7 6. b3 e6 7. Bb2 Bd6 8. c4 O-O 9. Nbd2 Qe7 10. Re1 Rad8 11. a3 e5 12. cxd5 cxd5 13. dxe5 Nxe5 14. Nd4 Bg4 15. h3 Bh5 16. Nf5 Qe6 17. Nxd6 Qxd6 18. Nf3 Nc6 19. Nd4 Rfe8 20. Rc1 Nxd4 21. Qxd4 Rxe2 22. Rxe2 Bxe2 23. Rc5 Qf8 24. Rc7 Ba6 25. Bf3 Qd6 26. Rc5 Qe7 27. Rc1 b6 28. Kg2 Bb7 29. Bc3 Qxa3 30. Ra1 Qxb3 31. Rxa7 Bc6 32. Rc7 Bd7 33. g4 h6 34. h4 Qa4 35. Qxb6 Bxg4 36. Bxf6 Bxf3+ 37. Kxf3 Qe4+ 38. Kg3 Qg6+ 39. Kf3 Qe4+ 40. Kg3 Qg6+ 41. Kf3 gxf6 42. Qd4 Qf5+ 43. Kg2 h5 44. Rc3 Qe5 45. Rg3+ Kh8 46. Qd2 Kh7 47. Re3 Qf5 48. Rd3 Rg8+ 49. Kf1 Qe4 50. Re3 Qc4+ 51. Qd3+ Qxd3+ 52. Rxd3 Rd8 53. Kg2 Kg6 54. Kf3 Kf5 55. Rd4 Ke5 56. Ke3 Rc8 57. f4+ Ke6 58. f5+ Ke5 59. Rd2 Rc3+ 60. Kf2 Rh3 0-1

[Event "Montcalm I 2004-05"]
[Site "Quebec CAN"]
[Date "2004.10.07"]
[Round "5"]
[White "Hebert, Marc"]
[Black "Valley, Michel"]
[Result "1-0"]
[WhiteElo "1787"]
[BlackElo "1826"]
[PlyCount "77"]
[GameId "2160767911069359"]
[EventDate "2004.09.09"]
[EventType "swiss"]
[EventRounds "5"]
[EventCountry "CAN"]
[SourceTitle "EXT 2006"]
[Source "ChessBase"]
[SourceDate "2005.11.24"]
[SourceVersion "1"]
[SourceVersionDate "2005.11.24"]
[SourceQuality "1"]

1. c4 d6 2. Nc3 g6 3. g3 Bg7 4. Bg2 e5 5. Nf3 f5 6. d3 Nf6 7. Bd2 O-O 8. Rb1 c6 9. Qc1 Re8 10. Bg5 e4 11. dxe4 fxe4 12. Nd2 d5 13. cxd5 cxd5 14. O-O Bf5 15. e3 Nc6 16. Nb3 Nb4 17. Qd2 Nd3 18. f3 h6 19. Bxf6 Bxf6 20. g4 d4 21. Nxd4 Bxd4 22. gxf5 exf3 23. Rxf3 Bb6 24. Kh1 gxf5 25. Rd1 Nb4 26. Qe2 Qe7 27. Qc4+ Kh8 28. a3 Nc6 29. Nd5 Ne5 30. Qf4 Qe6 31. Rh3 Ng4 32. Nxb6 axb6 33. Bd5 Qf6 34. Rg1 Kg7 35. e4 Qg5 36. Qxf5 Qxf5 37. exf5 Rad8 38. Rxg4+ Kf6 39. Be6 1-0